Ambulance Cars of Europe - Statistics

General Stats
  • This quiz has been taken 40 times
  • The average score is 16 of 20
Answer Stats
Picture Answer % Correct
France
91%
Germany
89%
Netherlands
89%
United Kingdom
89%
Poland
86%
Belgium
83%
Portugal
83%
Russia
83%
Spain
83%
Sweden
83%
Norway
80%
Italy
77%
Switzerland
77%
Ireland
74%
Denmark
71%
Austria
69%
Greece
69%
Czechia
66%
Serbia
63%
Hungary
60%
No matching quizzes found
Score Distribution
Percent of People with Each Score
Percentile by Number Answered
Your Score History
You have not taken this quiz